000 00275nam a22001337a 4500
008 170922b xxu||||| |||| 00| 0 eng d
020 _a9781893858411
041 _aeng
080 _26TH
_a37
100 _a46
101 _aEDU
245 _aMCAT
_cORSAY,J
942 _2udc
_cBK
999 _c29211
_d29211